000 00239nam a2200097Ia 4500
008 231212s2002 xx 000 0 und d
041 _aeng
100 _aRamamrutham R.
245 _aStrenght Of Material
260 _aNew Delhi
_bTata Mc
_c2002
999 _c970241
_d970241